|
|
|
|
| LEADER |
02263nam a2200445 i 4500 |
| 001 |
EBC1173407 |
| 003 |
MiAaPQ |
| 005 |
20200520144314.0 |
| 006 |
m o d | |
| 007 |
cr cnu|||||||| |
| 008 |
130426t20132013njua of 001 0 eng|d |
| 020 |
|
|
|z 9781118523858 (paper : acid-free paper)
|
| 020 |
|
|
|a 9781118554852
|q (electronic bk.)
|
| 035 |
|
|
|a (MiAaPQ)EBC1173407
|
| 035 |
|
|
|a (Au-PeEL)EBL1173407
|
| 035 |
|
|
|a (CaPaEBR)ebr11043789
|
| 035 |
|
|
|a (CaONFJC)MIL769939
|
| 035 |
|
|
|a (OCoLC)841584933
|
| 040 |
|
|
|a MiAaPQ
|b eng
|e rda
|e pn
|c MiAaPQ
|d MiAaPQ
|
| 050 |
|
4 |
|a TS191
|b .K42 2013
|
| 082 |
0 |
|
|a 658.7/87
|2 23
|
| 100 |
1 |
|
|a Keady, Robert,
|e author.
|
| 245 |
1 |
0 |
|a Equipment inventories for owners and facility managers :
|b standards, strategies and best practices /
|c Robert A. Keady, Jr, CEM, FMP.
|
| 264 |
|
1 |
|a Hoboken, New Jersey :
|b John Wiley & Sons, Inc.,
|c [2013]
|
| 264 |
|
4 |
|c 2013
|
| 300 |
|
|
|a 1 online resource (288 pages) :
|b illustrations
|
| 336 |
|
|
|a text
|2 rdacontent
|
| 337 |
|
|
|a computer
|2 rdamedia
|
| 338 |
|
|
|a online resource
|2 rdacarrier
|
| 500 |
|
|
|a "Published simultaneously in Canada"--Title page verso.
|
| 500 |
|
|
|a Includes index.
|
| 505 |
0 |
|
|a Financial and Resource Impact of Equipment Inventories on Facilities -- Equipment Inventory Types and Systems -- Industry Standards -- Equipment Data Points -- Equipment Identification and Tags -- Inventorying Equipment -- Appendix 1: Equipment Data Usage and Cross Reference Worksheet -- Appendix 2: Process Flow Maps.
|
| 588 |
|
|
|a Description based on print version record.
|
| 590 |
|
|
|a Electronic reproduction. Ann Arbor, MI : ProQuest, 2015. Available via World Wide Web. Access may be limited to ProQuest affiliated libraries.
|
| 650 |
|
0 |
|a Industrial equipment
|x Inventories
|v Handbooks, manuals, etc.
|
| 650 |
|
0 |
|a Inventory control
|v Handbooks, manuals, etc.
|
| 655 |
|
4 |
|a Electronic books.
|
| 776 |
0 |
8 |
|i Print version:
|a Keady, Robert.
|t Equipment inventories for owners and facility managers : standards, strategies and best practices.
|d Hoboken, New Jersey : John Wiley & Sons, Inc., [2013]
|z 9781118523858
|w (DLC) 2013007087
|
| 797 |
2 |
|
|a ProQuest (Firm)
|
| 856 |
4 |
0 |
|u https://ebookcentral.proquest.com/lib/matrademy/detail.action?docID=1173407
|z Click to View
|